00507nam a22001697a 4500003000900000008004100009040007100050082002300121100002700144245002000171260003300191300002800224505002600252650002300278650002300301650001300324AR-CdUCM190404b ||||| |||| 00| 0 spa d aMUNICIPALIDAD PROVINCIAL DEL CUSCOcBIBLIOTECA MUNICIPAL DEL CUSCO aC / 869.56 /bJ24A aJara Eguileta, Segundo aAlba y Sombra / aCusco :bH. G. Rozas,c1965. a163 páginas ;c21 cm. aContenido: Poesías. aLiteratura Peruana aPoemas Cusqueños aSiglo XX